000 00749nam a2200217 i 4500
001 120292
003 ES-MaACL
005 20230906191520.0
007 t|
008 070214s1961 sp |||| | spa d
245 0 0 _aPoesía contemporánea en lengua española /
_cDiana Ramírez de Arellano.
260 _aMadrid :
_bMurillo,
_c1961.
300 _a558 p. ;
_c22 cm.
490 1 _aBiblioteca Aristarco de erudición y crítica
600 1 4 _aBurgos, Julia de-
_xCrítica e interpretación.
_932658
650 4 _aPoesía española-
_yS.XX-
_xHistoria y crítica.
_916167
700 1 _aRamírez de Arellano, Diana.
_995129
830 0 _aBiblioteca Aristarco de erudición y crítica
_9218661
852 _aES-MaACL
_jE-691
999 _c120292
_d120292